000 00523cam a2200181 4500
001 D6722
008 090401t1966 xxu||||| |||| 00| 0 eng d
035 _a(Sirsi) u2616
041 _aeng
050 _a692.50285
110 _aLocal and Public Authorities Computer Panel Working Party on Bills of Quantities
_979
245 _aBills of quantities on computers, report
260 _aLondon
_bLocal and Public Authorities Computer Pa
_c1966
300 _a57p. 30cm
350 _a0.42
942 _n0
948 _c04/03/1997
999 _c85790
_d85790